| 000 | 00527 a2200169 4500 | ||
|---|---|---|---|
| 005 | 20250613150904.0 | ||
| 020 | _a978-0-13-239002-6 | ||
| 082 | _aLECT 658.8 KOT | ||
| 100 | _aKOTLER, P. | ||
| 245 | _aPrinciples of marketing | ||
| 250 | _a12th Ed. | ||
| 260 |
_aNew Jersey, _bPearson Education, Inc., _c2008. |
||
| 300 |
_axxxii, 599p.: ill.; figure, picture. _bGlossary, index & reference, _c28cm. |
||
| 700 | _aARMSTRONG, G. | ||
| 856 |
_yAccess online book _fPrinciples of marketing _dwww.prenhall.com |
||
| 942 |
_2ddc _cBKS |
||
| 999 |
_c4009 _d4009 |
||